| 000 | 00508cam a2200157 4500 | ||
|---|---|---|---|
| 082 |
_a624.18341 _bHUN _cL-19, P-15 |
||
| 100 | 1 |
_aHunter, L. E. _943208 |
|
| 245 | 1 | 0 |
_aStandard design of reinforced concrete road bridges, _cby L. E. Hunter. With a foreword by Robert S. Murt. |
| 260 |
_aLondon, _bChapman & Hall, _c1947. |
||
| 300 | _a174 p. | ||
| 526 |
_a0 _b0 _c0 _d624_183410000000000_HUN |
||
| 650 | 0 |
_aConcrete bridges. _943016 |
|
| 650 | 0 | _aConcrete construction. | |
| 650 | 0 |
_aMCE _9379 |
|
| 942 |
_2ddc _cBK |
||
| 999 |
_c547013 _d547013 |
||